[Event "Reykjavik Open"]
[Site "Reykjavik ISL"]
[Date "2012.03.07"]
[Round "2.82"]
[White "Kazmierczak, Ewa"]
[Black "Zachariassen, John"]
[Result "0-1"]
[WhiteElo "1462"]
[BlackElo "1939"]
[WhiteFideId "1154877"]
[BlackFideId "1405535"]
[EventDate "2012.03.06"]

1. e4 Nf6 2. e5 Nd5 3. d4 d6 4. Nf3 Bg4 5. Be2 Nc6 6. c4 Nb6 7. b3 dxe5 8. dxe5
Bxf3 9. Bxf3 Qxd1+ 10. Bxd1 Nxe5 11. O-O e6 12. Bc2 Rd8 13. Bb2 Ng6 14. Rd1 Nd7
15. Nd2 f6 16. Ne4 Be7 17. Re1 Kf7 18. Rad1 Rhe8 19. Re2 Nc5 20. Rde1 Nxe4 21.
Bxe4 c6 22. a3 f5 23. Bc2 Bf6 24. Bxf6 Kxf6 25. b4 e5 26. g3 Nf8 27. Kg2 Ne6 28.
Kg1 g5 29. h3 h5 0-1

[Event "Reykjavik Open"]
[Site "Reykjavik ISL"]
[Date "2012.03.07"]
[Round "2.85"]
[White "Thjomoe, Hans Richard"]
[Black "Bjorgvinsson, Andri Freyr"]
[Result "1/2-1/2"]
[WhiteElo "1926"]
[BlackElo "1544"]
[WhiteFideId "1506412"]
[BlackFideId "2306913"]
[EventDate "2012.03.06"]

1. e4 c6 2. d4 d5 3. exd5 cxd5 4. c4 Nf6 5. Nc3 Nc6 6. cxd5 Nxd5 7. Nf3 Bg4 8.
Be2 e6 9. O-O a6 10. Be3 Be7 11. Qb3 Nxc3 12. bxc3 Qc7 13. Rac1 O-O 14. Qd1 Rfd8
15. h3 Bh5 16. Ng5 Bxe2 17. Qxe2 Qa5 18. Ne4 Qf5 19. Ng3 Qg6 20. Qg4 Qxg4 21.
hxg4 Rac8 22. f4 Na5 23. Ne4 Nc4 24. Bf2 f5 25. Nc5 Bxc5 26. dxc5 Nd2 27. Rfd1
Ne4 28. gxf5 Nxf2 29. Kxf2 exf5 30. Rd6 Kf7 31. Rcd1 Ke7 32. Re1+ Kf7 33. Red1
Ke7 34. Re1+ 1/2-1/2

[Event "Reykjavik Open"]
[Site "Reykjavik ISL"]
[Date "2012.03.07"]
[Round "2.86"]
[White "Mehringer, Joerg"]
[Black "Stefansson, Vignir Vatnar"]
[Result "1/2-1/2"]
[WhiteElo "1903"]
[BlackElo "1474"]
[WhiteFideId "12915351"]
[BlackFideId "2308649"]
[EventDate "2012.03.06"]

1. e4 c5 2. g3 e6 3. Bg2 Nc6 4. Ne2 Nf6 5. O-O Be7 6. c3 O-O 7. d4 d5 8. e5 Nd7
9. Be3 b6 10. Nd2 Ba6 11. Re1 Rc8 12. a3 cxd4 13. cxd4 b5 14. Nf4 Ndxe5 15. dxe5
d4 16. Nb3 dxe3 17. Rxe3 Qb6 18. Qg4 Kh8 19. Nh5 Rg8 20. Rd1 Qc7 21. Qe4 b4 22.
Rc1 Bb7 23. Nd4 Nxd4 24. Rxc7 Bxe4 25. Rxc8 Rxc8 26. Bxe4 g6 27. Nf4 bxa3 28.
bxa3 Rc1+ 29. Kg2 Bc5 30. Nd3 Rc3 31. Nxc5 Rxc5 32. f4 Ra5 33. Rc3 Nb5 34. Rc5
a6 35. Bc6 Rxa3 36. Bxb5 axb5 37. Rxb5 h6 38. h4 Kg7 39. Rb2 g5 40. h5 Ra7 41.
Kf3 f6 42. Rb6 fxe5 43. fxe5 Ra3+ 44. Ke4 Rxg3 45. Rxe6 1/2-1/2

[Event "Reykjavik Open"]
[Site "Reykjavik ISL"]
[Date "2012.03.07"]
[Round "2.87"]
[White "Davidsdottir, Nansy"]
[Black "Ziska, Andrias"]
[Result "1/2-1/2"]
[WhiteElo "1379"]
[BlackElo "1900"]
[WhiteFideId "2309491"]
[BlackFideId "7200587"]
[EventDate "2012.03.06"]

1. e4 c5 2. Nf3 d6 3. d4 cxd4 4. Nxd4 Nf6 5. Nc3 a6 6. Bg5 e6 7. f4 Be7 8. Be2
Qc7 9. O-O Nbd7 10. a4 O-O 11. Kh1 b6 12. Bf3 Bb7 13. Qe1 h6 14. Bh4 Rae8 15.
Qg3 Kh8 16. e5 Nd5 17. Bxe7 Rxe7 18. exd6 Qxd6 19. Nxd5 Bxd5 20. Bxd5 Qxd5 21.
Rad1 Qb7 22. Rfe1 Nc5 23. b3 Ne4 24. Qh4 f5 25. Nc6 Ree8 26. Ne5 Rf6 27. Rd7 Qa8
28. Qh5 Kh7 29. Rf7 Rf8 30. Rxf8 Rxf8 31. Qg6+ Kh8 32. Qxe6 Kh7 33. Nd7 Re8 34.
Qxf5+ Kh8 35. Ne5 Nc5 36. Qg6 Kg8 37. Qxb6 Qd5 38. h3 Qd2 39. Rf1 Ne4 40. Kh2
Qe2 41. Qc6 Nf6 42. Qc4+ Qxc4 43. Nxc4 Re2 44. c3 Kf7 45. Rd1 Rc2 46. Rd3 Ne4
47. Nd6+ Nxd6 48. Rxd6 Rxc3 49. Rxa6 Rxb3 50. a5 Ra3 51. Ra7+ Kf8 52. Ra8+ Kf7
53. Ra7+ Kf8 54. g4 Kg8 55. h4 g6 56. Kg2 Kh8 57. h5 gxh5 58. gxh5 Kg8 59. f5
Kf8 60. f6 Kg8 61. a6 Kf8 62. Rh7 Rxa6 63. Rxh6 Ra3 64. Rg6 Kf7 65. Rh6 Ra5 66.
Kg3 Rf5 67. Kg4 Rxf6 68. Rxf6+ Kxf6 69. Kf4 Kg7 70. Kg5 Kh7 71. h6 Kh8 72. Kg6
Kg8 73. h7+ Kh8 74. Kh6 1/2-1/2

[Event "Reykjavik Open"]
[Site "Reykjavik ISL"]
[Date "2012.03.07"]
[Round "2.88"]
[White "Sjol, Henrik"]
[Black "Johannesson, Kristofer Joel"]
[Result "1-0"]
[WhiteElo "1892"]
[BlackElo "1449"]
[WhiteFideId "1505629"]
[BlackFideId "2306760"]
[EventDate "2012.03.06"]

1. d4 d5 2. Nf3 Nf6 3. g3 b6 4. Bg2 Bb7 5. O-O e6 6. Ne5 Nbd7 7. Nxd7 Qxd7 8. c4
Be7 9. Nd2 O-O 10. b3 Nh5 11. Bb2 c5 12. cxd5 exd5 13. Nf3 cxd4 14. Bxd4 Bf6 15.
Bxf6 Nxf6 16. Nd4 Rac8 17. Rc1 Ne4 18. Qd3 Rc5 19. Rc2 Rxc2 20. Nxc2 Nc5 21. Qd2
Rd8 22. Rd1 Ne6 23. Nd4 g6 24. Qh6 Qe7 25. e3 Nxd4 26. Rxd4 Rc8 27. Rd1 Qc5 28.
Qf4 Re8 29. Qd4 Qxd4 30. Rxd4 f5 31. Kf1 Kf7 32. Ke1 Ke6 33. h4 Rc8 34. Kd2 Rc5
35. Bf1 Ra5 36. a4 Bc6 37. Bd3 a6 38. Bc2 Rc5 39. Bd3 Ra5 40. Bc2 Rc5 41. b4 Rc4
42. Kd3 b5 43. a5 Ke5 44. Bb3 Rxd4+ 45. exd4+ Kf6 46. Ke3 h6 47. Bd1 Bd7 48. Bf3
Be6 49. Be2 Bd7 50. Kf4 Be6 51. Bf1 Bd7 52. Bg2 Be6 53. Ke3 Bf7 54. Kf4 Be6 55.
Bh1 Bf7 56. Ke3 Be6 57. Bf3 Bf7 58. g4 fxg4 59. Bxg4 Be6 60. Bf3 g5 61. hxg5+
hxg5 62. Bh5 Bf7 63. Bg4 Be6 64. Bh5 Bf7 65. Bxf7 Kxf7 66. Kf3 Kf6 67. Kg4 Kg6
68. f3 Kf6 69. f4 gxf4 70. Kxf4 Ke6 71. Kg5 Kd7 72. Kf5 Kd6 73. Kf6 1-0

[Event "Reykjavik Open"]
[Site "Reykjavik ISL"]
[Date "2012.03.08"]
[Round "3.4"]
[White "Cheparinov, Ivan"]
[Black "Akshayraj, Kore"]
[Result "1-0"]
[WhiteTitle "GM"]
[BlackTitle "IM"]
[WhiteElo "2664"]
[BlackElo "2422"]
[WhiteFideId "2905540"]
[BlackFideId "5012414"]
[EventDate "2012.03.06"]

1. d4 Nf6 2. c4 c6 3. Nf3 d5 4. Nc3 dxc4 5. a4 Bf5 6. Ne5 Nbd7 7. Nxc4 Nb6 8.
Ne5 a5 9. e3 e6 10. Bd3 Bxd3 11. Nxd3 Be7 12. Qb3 O-O 13. O-O Rb8 14. Rd1 Nbd5
15. Bd2 Qb6 16. Qxb6 Nxb6 17. e4 Ra8 18. f3 Nfd7 19. b3 Rfd8 20. Kf1 f6 21. Be3
Kf7 22. Rac1 Rac8 23. Ke2 Na8 24. Nb1 Nc7 25. Nd2 Na6 26. Nc4 b6 27. Bd2 Bf8 28.
Nxb6 Nxb6 29. Bxa5 Rb8 30. Rxc6 Rd6 31. Rdc1 Rb7 32. e5 1-0

[Event "Reykjavik Open"]
[Site "Reykjavik ISL"]
[Date "2012.03.07"]
[Round "3.5"]
[White "Zumsande, Martin"]
[Black "Sokolov, Ivan"]
[Result "0-1"]
[WhiteTitle "IM"]
[BlackTitle "GM"]
[WhiteElo "2439"]
[BlackElo "2653"]
[WhiteFideId "4651324"]
[BlackFideId "14400030"]
[EventDate "2012.03.06"]

1. e4 e5 2. Nf3 Nc6 3. d4 exd4 4. Nxd4 Nf6 5. Nxc6 bxc6 6. e5 Qe7 7. Qe2 Nd5 8.
c4 Ba6 9. b3 O-O-O 10. Bb2 f6 11. Nd2 fxe5 12. O-O-O Re8 13. g3 Kb8 14. Bg2 Qf7
15. Rhe1 Bb4 16. Ne4 Nb6 17. Bc3 Bxc3 18. Nxc3 d5 19. Qb2 e4 20. a4 Rhf8 21. a5
Nd7 22. cxd5 Nc5 23. Nxe4 Nd3+ 24. Rxd3 Bxd3 25. dxc6 Bxe4 26. Rxe4 Rxe4 27.
Bxe4 Qxf2 28. Qxf2 Rxf2 29. Bxh7 Rxh2 30. Bf5 Ra2 31. g4 Rxa5 32. Kd2 Rb5 33.
Be6 a5 34. Kd3 Ka7 35. Kd4 Kb6 36. Bd5 Rb4+ 0-1

[Event "Reykjavik Open"]
[Site "Reykjavik ISL"]
[Date "2012.03.08"]
[Round "3.6"]
[White "Hou, Yifan"]
[Black "Trella, Thomas"]
[Result "1/2-1/2"]
[WhiteTitle "GM"]
[BlackTitle "FM"]
[WhiteElo "2639"]
[BlackElo "2410"]
[WhiteFideId "8602980"]
[BlackFideId "24620513"]
[EventDate "2012.03.06"]

1. e4 e6 2. d4 d5 3. Nc3 Nc6 4. Nf3 Nf6 5. e5 Ne4 6. Bd3 Bb4 7. Bd2 Nxd2 8. Qxd2
Bd7 9. a3 Ba5 10. O-O f6 11. exf6 Qxf6 12. Bb5 O-O 13. Bxc6 Bxc6 14. Rfe1 Bb6
15. Re3 Qh6 16. Rd1 Be8 17. Re5 Qxd2 18. Rxd2 Rf6 19. Ne2 h6 20. c3 Bg6 21. Re3
Raf8 22. Ne5 Rxf2 23. Nf3 R2xf3 24. gxf3 Rf6 25. Kg2 Kf7 26. Nc1 c5 27. Nd3 cxd4
28. Ne5+ Ke7 29. cxd4 Be8 30. Kg3 g5 31. Ng4 Rg6 32. Re1 Kd6 33. Rc1 Bc6 34. b4
h5 35. Ne5 Rf6 36. Nxc6 bxc6 37. a4 Rf4 38. Rdc2 Bxd4 39. Rxc6+ Ke7 40. Re1 e5
41. Rc7+ Kd8 42. Rec1 e4 43. Rc8+ Kd7 44. R1c7+ Kd6 45. Rc6+ Kd7 46. R8c7+ Kd8
47. Rc8+ Kd7 48. R6c7+ Kd6 49. fxe4 dxe4 50. Rc6+ Kd7 51. R6c7+ Kd6 52. Rc2 Rg4+
53. Kh3 Rh4+ 54. Kg2 Rg4+ 55. Kf1 Rg1+ 56. Ke2 1/2-1/2

[Event "Reykjavik Open"]
[Site "Reykjavik ISL"]
[Date "2012.03.08"]
[Round "3.9"]
[White "Thorfinnsson, Bragi"]
[Black "Kuzubov, Yuriy"]
[Result "1/2-1/2"]
[WhiteTitle "IM"]
[BlackTitle "GM"]
[WhiteElo "2421"]
[BlackElo "2615"]
[WhiteFideId "2300958"]
[BlackFideId "14112906"]
[EventDate "2012.03.06"]

1. d4 Nf6 2. c4 e6 3. Nc3 Bb4 4. Qc2 c5 5. dxc5 O-O 6. Nf3 Na6 7. c6 dxc6 8. Bd2
Re8 9. a3 Bf8 10. Rd1 e5 11. Bg5 Qe7 12. Ne4 Qe6 13. Bxf6 gxf6 14. g4 Nc5 15.
Nh4 Qe7 16. e3 Rd8 17. Rxd8 Qxd8 18. Nxc5 Bxc5 19. Qe4 Qf8 20. Bd3 Qh6 21. Nf5
Bxf5 22. Qxf5 Rd8 23. Ke2 Qg6 24. h4 a5 25. Rd1 Kf8 26. Be4 Ke7 27. Rxd8 Kxd8
28. Qf3 Qg7 29. Bf5 h6 30. Qe4 Qf8 31. Qd3+ Qd6 32. Qxd6+ Bxd6 33. Kd3 b5 34.
Be4 Kd7 35. cxb5 cxb5 36. Bd5 Ke7 37. Ke4 b4 38. a4 b3 39. Bxb3 Bb4 40. Kf3 Be1
41. Bd5 Bb4 42. Ke4 1/2-1/2

[Event "Reykjavik Open"]
[Site "Reykjavik ISL"]
[Date "2012.03.08"]
[Round "3.10"]
[White "Baklan, Vladimir"]
[Black "Arngrimsson, Dagur"]
[Result "1-0"]
[WhiteTitle "GM"]
[BlackTitle "IM"]
[WhiteElo "2612"]
[BlackElo "2361"]
[WhiteFideId "14102196"]
[BlackFideId "2301288"]
[EventDate "2012.03.06"]

1. e4 c6 2. d4 d5 3. e5 Bf5 4. Nf3 e6 5. Be2 c5 6. O-O Nc6 7. c3 cxd4 8. Nxd4
Nge7 9. Nxf5 Nxf5 10. Bd3 Be7 11. Qe2 Qc7 12. Re1 Rd8 13. a3 d4 14. c4 a5 15.
Nd2 Nh4 16. g3 Ng6 17. f4 O-O 18. Ne4 Rfe8 19. Bd2 Qb6 20. Rab1 a4 21. Rec1 Qa7
22. c5 Rd5 23. Bb4 Red8 24. Nd6 Bxd6 25. exd6 Nf8 26. Be4 d3 27. Qf2 Nd4 28. Rd1
Ne2+ 29. Kg2 Qa6 30. Qf3 Rd4 31. Bxd3 1-0

[Event "Reykjavik Open"]
[Site "Reykjavik ISL"]
[Date "2012.03.08"]
[Round "3.11"]
[White "L'Ami, Alina"]
[Black "L'Ami, Erwin"]
[Result "0-1"]
[WhiteTitle "WGM"]
[BlackTitle "GM"]
[WhiteElo "2372"]
[BlackElo "2611"]
[WhiteFideId "1210246"]
[BlackFideId "1007998"]
[EventDate "2012.03.06"]

1. d4 Nf6 2. c4 e6 3. Nc3 Bb4 4. Qc2 O-O 5. e4 d5 6. e5 Ne4 7. Bd3 c5 8. Ne2
cxd4 9. Nxd4 Nd7 10. Bf4 Qh4 11. g3 Qh5 12. O-O g5 13. cxd5 gxf4 14. Bxe4 Nxe5
15. dxe6 Bxe6 16. a3 fxg3 17. hxg3 Bc5 18. Nce2 Ng4 19. Nf3 Rac8 20. Qd2 Rfd8
21. Qg5+ Qxg5 22. Nxg5 Bc4 23. Rae1 h6 24. Nf3 Re8 25. Nd2 Rcd8 26. Nxc4 Rxe4
27. Na5 Bb6 28. Nb3 Ne5 29. Ned4 Rdxd4 30. Nxd4 Rxe1 31. Rxe1 Bxd4 32. Re2 Ng4
33. Re4 Bxf2+ 34. Kg2 h5 35. Re7 b5 36. Rb7 Bb6 37. Kf3 Ne5+ 38. Ke4 Nc4 39. Kd5
Nxb2 40. Kc6 Nc4 41. Rb8+ Kg7 42. Kxb5 Nxa3+ 0-1

[Event "Reykjavik Open"]
[Site "Reykjavik ISL"]
[Date "2012.03.08"]
[Round "3.13"]
[White "Aguera Naredo, Javier"]
[Black "Maze, Sebastien"]
[Result "1/2-1/2"]
[WhiteTitle "FM"]
[BlackTitle "GM"]
[WhiteElo "2358"]
[BlackElo "2577"]
[WhiteFideId "2204169"]
[BlackFideId "613762"]
[EventDate "2012.03.06"]

1. e4 c5 2. Nf3 Nc6 3. d4 cxd4 4. Nxd4 e5 5. Nb5 d6 6. c4 Be7 7. N1c3 a6 8. Na3
Be6 9. Nc2 Bg5 10. Be2 Bxc1 11. Rxc1 Nf6 12. O-O O-O 13. Qd2 Qb6 14. Rfd1 Rfd8
15. b4 Rac8 16. Nd5 Bxd5 17. exd5 Ne7 18. Ne3 a5 19. a3 axb4 20. axb4 Qa7 21.
Qb2 b6 22. Ra1 Qd7 23. Ra6 Rb8 24. Qa2 Nf5 25. c5 Nxe3 26. c6 Nxd1 27. cxd7 Nc3
28. Qd2 Nxe2+ 29. Qxe2 Nxd7 30. h3 Kf8 31. Ra7 Ra8 32. Rc7 Rab8 33. g4 Nf6 34.
Qf3 h6 35. h4 Rd7 36. Rc6 Ne8 37. Qe3 b5 38. g5 hxg5 39. hxg5 g6 40. Qh3 Ke7 41.
Qh8 Ra7 42. Rc3 Ra4 43. Qh4 Kd8 44. Re3 Rc8 45. Re4 Ra1+ 46. Kg2 Rd1 47. Qh7 Ke7
48. Re3 Rcc1 49. Ra3 Rg1+ 50. Kf3 Ra1 51. Rxa1 Rxa1 52. Kg2 Rd1 53. Qh3 Rd4 54.
Qc3 Rc4 55. Qa3 Nc7 56. Qa5 Kd7 57. Qb6 Rg4+ 58. Kf1 Rc4 59. Kg2 Ke7 60. Qb7 Kd7
61. Kg3 Rc3+ 62. Kg2 Rc4 63. Kg3 Rc3+ 1/2-1/2

[Event "Reykjavik Open"]
[Site "Reykjavik ISL"]
[Date "2012.03.08"]
[Round "3.16"]
[White "Vuilleumier, Alexandre"]
[Black "Stefansson, Hannes"]
[Result "1/2-1/2"]
[WhiteTitle "IM"]
[BlackTitle "GM"]
[WhiteElo "2350"]
[BlackElo "2531"]
[WhiteFideId "1305662"]
[BlackFideId "2300087"]
[EventDate "2012.03.06"]

1. e4 e5 2. Nf3 Nc6 3. d4 exd4 4. Nxd4 Nf6 5. Nxc6 bxc6 6. e5 Qe7 7. Qe2 Nd5 8.
c4 Ba6 9. Nd2 g6 10. b3 Bg7 11. Bb2 O-O 12. O-O-O f6 13. exf6 Qxe2 14. Bxe2 Nxf6
15. Bf3 Rae8 16. Rhe1 c5 17. Bxf6 Bxf6 18. Rxe8 Rxe8 19. Ne4 Bd4 20. Rxd4 cxd4
21. Nf6+ Kf7 22. Nxe8 Kxe8 23. Kd2 c5 24. Be4 Bc8 25. g4 d6 26. g5 Bh3 27. f4
Ke7 28. Bd5 a5 29. Kc1 Kf8 30. Kb2 Ke7 31. Kc1 Kf8 32. Kb2 Ke7 1/2-1/2

[Event "Reykjavik Open"]
[Site "Reykjavik ISL"]
[Date "2012.03.08"]
[Round "3.17"]
[White "Cherednichenko, Svetlana"]
[Black "Kveinys, Aloyzas"]
[Result "0-1"]
[WhiteTitle "WGM"]
[BlackTitle "GM"]
[WhiteElo "2279"]
[BlackElo "2512"]
[WhiteFideId "14105551"]
[BlackFideId "12800040"]
[EventDate "2012.03.06"]

1. d4 Nf6 2. Nf3 e6 3. e3 d5 4. Bd3 c5 5. b3 Nc6 6. a3 cxd4 7. exd4 Bd6 8. O-O
O-O 9. Qe2 b6 10. Bb2 Bb7 11. Nbd2 Rc8 12. Ne5 Ne8 13. f4 g6 14. Rf3 Kh8 15. Rh3
Ng7 16. Rd1 0-1

[Event "Reykjavik Open"]
[Site "Reykjavik ISL"]
[Date "2012.03.08"]
[Round "3.18"]
[White "Williams, Simon K"]
[Black "Bjornsson, Sverrir Orn"]
[Result "1-0"]
[WhiteTitle "GM"]
[WhiteElo "2506"]
[BlackElo "2153"]
[WhiteFideId "404454"]
[BlackFideId "2301954"]
[EventDate "2012.03.06"]

1. d4 Nf6 2. c4 e6 3. Nf3 c5 4. d5 b5 5. Bg5 h6 6. Bxf6 Qxf6 7. Nc3 b4 8. Nb5
Kd8 9. Qa4 a5 10. e4 Qxb2 11. Rd1 g5 12. Bd3 Qf6 13. e5 Qf4 14. Qc2 Bb7 15. Be4
f5 16. exf6 e5 17. Bf5 d6 18. O-O Na6 19. Rfe1 Nc7 20. Re3 Nxb5 21. cxb5 Bc8 22.
Bxc8 Kxc8 23. Qg6 1-0

[Event "Reykjavik Open"]
[Site "Reykjavik ISL"]
[Date "2012.03.08"]
[Round "3.19"]
[White "Danielsen, Henrik"]
[Black "Ragnarsson, Dagur"]
[Result "1-0"]
[WhiteTitle "GM"]
[WhiteElo "2504"]
[BlackElo "1858"]
[WhiteFideId "1400185"]
[BlackFideId "2304058"]
[EventDate "2012.03.06"]

1. f4 d5 2. Nf3 g6 3. e3 Bg7 4. d4 Nf6 5. Bd3 O-O 6. O-O Bf5 7. Bxf5 gxf5 8. Bd2
Nbd7 9. Be1 Re8 10. Bh4 c5 11. Bxf6 Nxf6 12. c3 Qb6 13. Qb3 Qe6 14. Re1 Ne4 15.
Nbd2 c4 16. Qc2 f6 17. Nh4 Qd7 18. Re2 Nd6 19. Kh1 e5 20. Nf1 exf4 21. exf4 Re4
22. Rf2 Rae8 23. Ng3 Re1+ 24. Rf1 Rxa1 25. Rxa1 Qe6 26. Rf1 Bh6 27. Qb1 Ne4 28.
Qd1 Nxg3+ 29. hxg3 Bf8 30. Qb1 Qe2 31. Nxf5 Re6 32. Kg1 Re4 33. Qd1 Qxb2 34.
Qg4+ Kh8 35. Qh5 Re2 36. Nh4 Bg7 37. Qxd5 Bf8 38. Qf7 Bg7 39. Kh1 Qc2 40. Qxb7
Re8 41. Qd7 Qe2 42. Rb1 Qh5 43. Kh2 Bh6 44. Rb5 Qxh4+ 45. gxh4 Bxf4+ 46. g3 1-0

[Event "Reykjavik Open"]
[Site "Reykjavik ISL"]
[Date "2012.03.08"]
[Round "3.20"]
[White "Lasinskas, Povilas"]
[Black "Kristjansson, Stefan"]
[Result "0-1"]
[WhiteTitle "FM"]
[BlackTitle "GM"]
[WhiteElo "2170"]
[BlackElo "2500"]
[WhiteFideId "12800503"]
[BlackFideId "2301172"]
[EventDate "2012.03.06"]

1. d4 Nf6 2. Nf3 c5 3. d5 e6 4. c4 d6 5. Nc3 exd5 6. cxd5 g6 7. e4 a6 8. h3 b5
9. Bd3 Nbd7 10. O-O Bg7 11. Bf4 Qb6 12. Qd2 O-O 13. Bh6 Re8 14. Bxg7 Kxg7 15.
Qf4 Ne5 16. Nxe5 Rxe5 17. Bc2 b4 18. Na4 Qa5 19. b3 Bd7 20. Nb2 Bb5 21. Rfe1
Rae8 22. Re3 Qa3 23. Nd1 Qa5 24. Rf3 Qd8 25. Ne3 Be2 26. Nc4 Bxf3 27. Nxe5 Bxe4
28. Nc6 Qd7 29. Bxe4 Rxe4 30. Qf3 Qe8 31. Qg3 Re1+ 32. Rxe1 Qxe1+ 33. Kh2 Ne4
34. Qh4 Nc3 35. Nd8 Qe5+ 36. f4 Qf6 37. Qxf6+ Kxf6 38. Nb7 Ke7 39. Na5 Nxd5 40.
Kg3 Nc3 41. Kf3 Nxa2 42. g4 f5 43. g5 Kd7 44. Ke3 d5 0-1

[Event "Reykjavik Open"]
[Site "Reykjavik ISL"]
[Date "2012.03.08"]
[Round "3.21"]
[White "Halkias, Stelios"]
[Black "Michalczak, Thomas"]
[Result "1-0"]
[WhiteTitle "GM"]
[BlackTitle "FM"]
[WhiteElo "2588"]
[BlackElo "2326"]
[WhiteFideId "4201809"]
[BlackFideId "4622634"]
[EventDate "2012.03.06"]

1. Nf3 d5 2. d4 Nf6 3. c4 e6 4. g3 dxc4 5. Bg2 Nc6 6. Nc3 Nd5 7. O-O Rb8 8. e4
Nxc3 9. bxc3 b5 10. Qe2 Na5 11. d5 Bd6 12. dxe6 Bxe6 13. Ng5 Qe7 14. f4 Bd7 15.
e5 Bc5+ 16. Kh1 f5 17. Rd1 Bc6 18. Bxc6+ Nxc6 19. a4 a6 20. axb5 axb5 21. Ra6
Rb6 22. Rxb6 Bxb6 23. Qf3 Nd8 24. e6 O-O 25. Rd7 Qc5 26. Be3 Qc6 27. Bxb6 cxb6
28. Qxc6 Nxc6 29. Rc7 h6 30. Nf3 Na5 31. Nd4 Ra8 32. e7 g6 33. Nxb5 1-0

[Event "Reykjavik Open"]
[Site "Reykjavik ISL"]
[Date "2012.03.08"]
[Round "3.22"]
[White "Steingrimsson, Hedinn"]
[Black "Perez, Flavio"]
[Result "1-0"]
[WhiteTitle "GM"]
[WhiteElo "2556"]
[BlackElo "2269"]
[WhiteFideId "2300117"]
[BlackFideId "623911"]
[EventDate "2012.03.06"]

1. d4 d5 2. c4 c6 3. Nf3 Nf6 4. e3 e6 5. Bd3 Nbd7 6. O-O Bd6 7. Nc3 O-O 8. e4
dxe4 9. Nxe4 Nxe4 10. Bxe4 h6 11. Bc2 b6 12. Qd3 f5 13. Re1 Qf6 14. c5 bxc5 15.
Rxe6 Qxe6 16. Bb3 Nb6 17. Bxe6+ Bxe6 18. dxc5 Bxc5 19. Qc3 Rad8 20. Bxh6 gxh6
21. Qxc5 1-0

[Event "Reykjavik Open"]
[Site "Reykjavik ISL"]
[Date "2012.03.08"]
[Round "3.23"]
[White "Libiszewski, Fabien"]
[Black "Jensson, Einar Hjalti"]
[Result "1/2-1/2"]
[WhiteTitle "GM"]
[WhiteElo "2523"]
[BlackElo "2245"]
[WhiteFideId "616834"]
[BlackFideId "2301067"]
[EventDate "2012.03.06"]

1. e4 e5 2. Nf3 Nf6 3. Nxe5 d6 4. Nf3 Nxe4 5. d4 d5 6. Bd3 Nc6 7. O-O Be7 8. Nc3
Nxc3 9. bxc3 O-O 10. Re1 Be6 11. Bf4 Qd7 12. Rb1 Rab8 13. Re3 Rfe8 14. Ne5 Nxe5
15. Bxe5 Bd6 16. Qh5 g6 17. Qg5 Bxe5 18. Qxe5 Qd6 19. Qxd6 cxd6 20. f3 Kf8 21.
Kf2 b6 22. g4 h6 23. h3 Rbc8 24. Bb5 Re7 25. Ba6 Rcc7 26. Rbe1 g5 27. R1e2 Re8
28. Ke1 Bd7 29. Rxe8+ Bxe8 30. Kd2 Re7 31. Rh2 f6 32. h4 Kg7 33. Rh1 Bd7 34. Bd3
Re8 35. h5 f5 36. f4 gxf4 37. gxf5 Kf6 38. Rf1 Rg8 39. Rxf4 Rg5 40. Be2 Be8 41.
Rh4 Rxf5 1/2-1/2

[Event "Reykjavik Open"]
[Site "Reykjavik ISL"]
[Date "2012.03.08"]
[Round "3.24"]
[White "Arnold, Marc T"]
[Black "Einarsson, Halldor Gretar"]
[Result "1-0"]
[WhiteTitle "IM"]
[BlackTitle "FM"]
[WhiteElo "2502"]
[BlackElo "2239"]
[WhiteFideId "2022320"]
[BlackFideId "2300150"]
[EventDate "2012.03.06"]

1. Nf3 f5 2. g3 Nf6 3. Bg2 g6 4. b3 Bg7 5. Bb2 d6 6. d4 O-O 7. c4 c6 8. Nc3 Qc7
9. O-O Ng4 10. d5 Nd7 11. Nd4 Nb8 12. Qd2 e5 13. dxe6 Na6 14. e4 Nc5 15. exf5
gxf5 16. Rfe1 Ne5 17. Re3 f4 18. gxf4 Rxf4 19. Nce2 Rf6 20. f4 Ng4 21. Rg3 Nxe6
22. Rxg4 Nxd4 23. Rxg7+ Qxg7 24. Bxd4 Bh3 25. Ng3 1-0

[Event "Reykjavik Open"]
[Site "Reykjavik ISL"]
[Date "2012.03.08"]
[Round "3.25"]
[White "Ziska, Helgi Dam"]
[Black "Arjun, Bharat"]
[Result "1-0"]
[WhiteTitle "IM"]
[BlackTitle "CM"]
[WhiteElo "2456"]
[BlackElo "2210"]
[WhiteFideId "7200595"]
[BlackFideId "5032725"]
[EventDate "2012.03.06"]

1. e4 c6 2. d4 d5 3. e5 c5 4. dxc5 Nc6 5. Nf3 Bg4 6. c3 e6 7. b4 Bxf3 8. Qxf3
Nxe5 9. Bb5+ Nc6 10. O-O Be7 11. Bf4 Nf6 12. Nd2 O-O 13. Rfe1 a6 14. Ba4 Rc8 15.
a3 b6 16. cxb6 Qxb6 17. c4 a5 18. c5 Qb7 19. Bxc6 Qxc6 20. Rab1 a4 21. Rbd1 Rfd8
22. Nb1 Ne4 23. Qd3 h6 24. f3 Nf6 25. Kh1 d4 26. Be5 Rd5 27. Qc4 Rcd8 28. Rxd4
Rxd4 29. Bxd4 Qd7 30. Bg1 Qd3 31. Qc1 Nd5 32. Rd1 Qb3 33. Nd2 Qa2 34. Ne4 Kh7
35. Nc3 Nxc3 36. Rxd8 Bxd8 37. Qxc3 Qb1 38. Qd4 Be7 39. Qe4+ Qxe4 40. fxe4 e5
41. c6 Bxb4 42. c7 1-0

[Event "Reykjavik Open"]
[Site "Reykjavik ISL"]
[Date "2012.03.08"]
[Round "3.26"]
[White "Ptacnikova, Lenka"]
[Black "Hunt, Adam C"]
[Result "0-1"]
[WhiteTitle "WGM"]
[BlackTitle "IM"]
[WhiteElo "2289"]
[BlackElo "2454"]
[WhiteFideId "305650"]
[BlackFideId "403970"]
[EventDate "2012.03.06"]

1. c4 e5 2. g3 Nf6 3. Bg2 Nc6 4. Nc3 Bc5 5. e3 d5 6. cxd5 Nb4 7. d4 exd4 8. exd4
Be7 9. Nf3 O-O 10. Ne5 Nbxd5 11. O-O c6 12. Na4 Re8 13. Re1 h6 14. Bd2 Bf5 15.
a3 Qc7 16. Rc1 Rad8 17. Qf3 Bh7 18. Qb3 Bd6 19. f4 Bf8 20. Nc5 Bxc5 21. Rxc5 Nb6
22. Bc3 Re7 23. Ra5 Nc8 24. Rc5 Qd6 25. Rc4 Nd5 26. Ba5 Rde8 27. Rd1 f6 28. Nxc6
Re2 29. Nb4 Rxg2+ 30. Kxg2 Ne3+ 31. Kg1 Nxc4 32. Qxc4+ Kh8 33. Nd3 Bg8 34. Qc5
Qd7 35. Bc3 Bd5 36. Re1 Nb6 37. Bb4 Rxe1+ 38. Nxe1 Be4 39. Bc3 Nd5 40. Qc4 Qg4
41. Kf2 Qh3 42. Nf3 Nxf4 43. Ke3 Bd5 44. Qb5 Qe6+ 45. Kd2 Be4 0-1